Statistiques concernant Personnages de Super Smash Bros.

Cliquez ici pour prendre le quiz!

Statistiques générales

  • Ce quiz a été pris 387 fois
  • Le résultat moyen est 45 sur 63

Statistiques - réponses

Réponse% Correct
Mario
99%
Luigi
97%
Link
96%
Pikachu
93%
Bowser
91%
Peach
91%
Zelda
91%
Kirby
90%
Donkey Kong
88%
Fox
86%
Ness
85%
Yoshi
85%
Falco
84%
Samus
84%
Mewtwo
83%
Rondoudou
83%
Ganondorf
82%
Marth
80%
Wario
80%
Captain Falcon
79%
Lucas
79%
Dracaufeu
78%
Sheik
76%
Diddy Kong
75%
Link Cartoon
75%
Lucario
74%
Meta Knight
73%
Pit
73%
Sonic
73%
Ike
72%
Roi DaDiDou
72%
Samus sans armure
72%
Roy
69%
Bowser Jr.
68%
Carapuce
68%
Mr. Game & Watch
68%
Pichu
67%
Snake
67%
Wolf
67%
Bayonetta
65%
Herbizarre
65%
Ice Climbers
65%
Amphinobi
64%
Olimar
64%
PAC-MAN
64%
Link Enfant
63%
Lucina
63%
R.O.B.
62%
Ryu
61%
Harmonie & Luma
60%
Palutena
59%
Dr. Mario
58%
Cloud
56%
Mega Man
55%
Mii
54%
Villageois
54%
Little Mac
53%
Pit maléfique
53%
Daraen
47%
Corrin
46%
Shulk
46%
Entraîneuse Wii Fit
44%
Duo Duck Hunt
43%

Distribution des résultats

Percentile par nombre de réponses

% des personnes avec chaque résultat

Votre développement - résultats

Vous n’avez pas pris ce quiz